Quick Pick: TV Series of 2017 Quiz Stats

 Plays Quiz Updated Feb 10, 2018

Score 0/20 Timer 01:30
1 Play Today
% Correct
Reasons
90.1%
Unfortunate
90%
Young
81.2%
Lies
81.2%
Doctor
79.4%
Handmaid's
79.2%
Crime
78.5%
Time
74.8%
Kevin
73.8%
Good
67.2%
% Correct
White
65.4%
Training
63.1%
Discovery
61.5%
Diet
59.2%
American
57.4%
Redemption
52.4%
Legacy
49.9%
Superior
45.3%
Beat
35.5%
Mary
33.8%

Today's Daily Dose

You're not logged in!

Compare scores with friends on all Sporcle quizzes.
OR
Log In

Sporcle TV

Today on Sporcle TV


Watch our educational content, quiz creation guides, and fun videos on Sporcle TV.

Show Comments

Extras

Top Quizzes Today


Score Distribution

Your Account Isn't Verified!

In order to create a playlist on Sporcle, you need to verify the email address you used during registration. Go to your Sporcle Settings to finish the process.

Report this User

Report this user for behavior that violates our Community Guidelines.

Details: